LEADER 01270nam a2200301 a 4500 001 000000133570 003 CaOOAMICUS 005 20130412151944.0 008 130412s2013 enka u001 u eng r 020 $z9780521171847* 040 $aPUL$bita 082 04$a200.5 245 04$aThe Cambridge companion to the Cistercian order /$cedited by Mette Birkedal Bruun. 260 $aCambridge :$bCambridge University Press,$cİ2013. 300 $axviii, 318 p. :$bill. ;$c23 cm. 490 1 $aCambridge companion to religion 504 $aBibliografia p. 269-299. 610 24$aCistercensi.$0(OLS)http://pul/subject/18717 700 1 $aBruun, Mette Birkedal.$0(OLS)http://pul/name/86048 830 0$aCambridge companion to religion.$0(OLS)http://pul/title/132745 850 $aPUL 852 $aPUL$W1$xSL Religione 3$y85$m200. 5 COLL 1.21$j153500$qDDC 21$B153073$CPULBib$Z2$F153073 $H122207 $82 941 1 $a9 996 $6020$z9780521171847*$9(OLS)http://pul/number/152437 996 $6082$a200.5$9(OLS)http://pul/classification/465 996 $6245$aThe Cambridge companion to the Cistercian order$9(OLS)http://pul/title/168830 996 $6260$aCambridge :$bCambridge University Press$9(OLS)http://pul/publisher/50125 LEADER 01457nam a2200349 a 4500 001 000000143933 003 CaOOAMICUS 005 20150609125904.0 008 150609s1989 it u000 u ita r 020 $z8837213832* 040 $aPUL$bita 041 1 $aita$heng 082 04$a296 100 1 $aNeusner, Jacob,$d1932-$0(OLS)http://pul/name/19439 240 10$aJudaism in the beginning of Christianity.$lItaliano.$0(OLS)http://pul/title/182100 245 13$aIl giudaismo nei primi secoli del cristianesimo /$cJacob Neusner. 260 $aBrescia :$bMorcelliana,$cİ1989. 300 $a172 p. ;$c20 cm 490 1 $aShalom 504 $aBibliografia in nota. 650 4$aGiudaismo e altre religioni$xCristianesimo.$0(OLS)http://pul/subject/16735 830 0$aShalom.$0(OLS)http://pul/title/43825 850 $aPUL 852 $aPUL$W1$xDP1 Fondo Bordoni$y120$m3 B 91$j162942$b2. copia$qFondi$B171929$CPULBib$Z2$F171929 $HBor1522 $81 852 $aPUL$W1$xSL Religione 3$y85$m296 NEUJA 1$j166006$qDDC 21$B166433$CPULBib$Z2$F166433 $H126054 $82 941 1 $a9 941 1 $a1 996 $6020$z8837213832*$9(OLS)http://pul/number/157810 996 $6082$a296$9(OLS)http://pul/classification/303 996 $6245$aIl giudaismo nei primi secoli del cristianesimo$9(OLS)http://pul/title/182101 996 $6260$aBrescia :$bMorcelliana$9(OLS)http://pul/publisher/47854